| 000 | 00459nam a22001817a 4500 | ||
|---|---|---|---|
| 003 | CEME | ||
| 005 | 20210628201708.0 | ||
| 008 | 210215b xxu||||| |||| 00| 0 eng d | ||
| 040 | _c. | ||
| 082 | _a351.1 COM | ||
| 100 |
_aZaka Ali Hamid Ali _956387 |
||
| 245 | _aCombined set of account code | ||
| 250 | _aREVISED | ||
| 260 |
_aKARACHI _bTHE IDEAL PUBLISHERS _c1999 |
||
| 300 | _aVOL,1-4 IN ONE SET | ||
| 650 |
_aACCOUNT CODE _956388 |
||
| 942 |
_cBK _2ddc |
||
| 999 |
_c566823 _d566823 |
||